How to read and do proofs : an introduction to mathematical thought processes /
This book is about: On definitions and mathematical terminology; The contradiction method; The contrapositive method; ...
Zapisane w:
| 1. autor: | |
|---|---|
| Format: | Książka |
| Język: | English |
| Wydane: |
New York :
John Wiley and Sons,
1990.
|
| Wydanie: | 2nd ed. |
| Hasła przedmiotowe: | |
| Etykiety: |
Dodaj etykietę
Nie ma etykietki, Dołącz pierwszą etykiete!
|
| Thư viện lưu trữ: | Mạng thư viện Đại học Đà Nẵng |
|---|
| LEADER | 01090cam a2200373 i 4500 | ||
|---|---|---|---|
| 001 | 000048838 | ||
| 003 | 8564 | ||
| 005 | 20051111141601.0 | ||
| 008 | 010324b1990 vm 000 eng | ||
| 020 | |a 0471510041 | ||
| 040 | |a IRC |c IRC |d IRC | ||
| 041 | 0 | |a eng | |
| 082 | 1 | 4 | |a 511.3 |b SO-D |
| 100 | 1 | |a Solow, Daniel. | |
| 245 | 0 | 0 | |a How to read and do proofs : |b an introduction to mathematical thought processes / |c Daniel Solow. |
| 250 | |a 2nd ed. | ||
| 260 | |a New York : |b John Wiley and Sons, |c 1990. | ||
| 300 | |a xx, 242 p. : |b ill. ; |c 23cm. | ||
| 520 | 3 | |a This book is about: On definitions and mathematical terminology; The contradiction method; The contrapositive method; ... | |
| 630 | 0 | 4 | |a Logic. |
| 630 | 0 | 4 | |a Symbolic. |
| 630 | 0 | 4 | |a Mathematical logic. |
| 630 | 0 | 4 | |a Mathemetics. |
| 650 | 0 | 4 | |a Logic, Symbolic and mathematical. |
| OWN | |a DUT | ||
| 999 | |a From the UDN01 | ||
| TYP | |a Monograph | ||
| TYP | |a Printed language | ||
| 980 | |a Mạng thư viện Đại học Đà Nẵng | ||


